Companies Act, 1965 (Act 125) & subsidiary legislations : (Record no. 4565)

000 -LEADER
fixed length control field nam a22 a 4500
003 - CONTROL NUMBER IDENTIFIER
control field AKMAL
005 - DATE AND TIME OF LATEST TRANSACTION
control field 20170601084536.0
008 - FIXED-LENGTH DATA ELEMENTS--GENERAL INFORMATION
fixed length control field 1 s1996 my 00 eng d
020 ## - INTERNATIONAL STANDARD BOOK NUMBER
International Standard Book Number 9678905485 (pbk.):
Terms of availability RM 22.50
040 ## - CATALOGING SOURCE
Transcribing agency AKMAL
082 04 - DEWEY DECIMAL CLASSIFICATION NUMBER
Classification number 346.595066 COM
090 ## - LOCALLY ASSIGNED LC-TYPE CALL NUMBER (OCLC); LOCAL CALL NUMBER (RLIN)
Classification number (OCLC) (R) ; Classification number, CALL (RLIN) (NR) 346.595066
Local cutter number (OCLC) ; Book number/undivided call number, CALL (RLIN) COM
110 1# - MAIN ENTRY--CORPORATE NAME
Corporate name or jurisdiction name as entry element Malaysia
9 (RLIN) 400
240 1# - UNIFORM TITLE
Uniform title Akta Syarikat, 1965.
Language of a work English
245 10 - TITLE STATEMENT
Title Companies Act, 1965 (Act 125) & subsidiary legislations :
Remainder of title as at 15th August 1996 /
Statement of responsibility, etc. compiled by Legal Research Board
260 ## - PUBLICATION, DISTRIBUTION, ETC.
Place of publication, distribution, etc. Kuala Lumpur :
Name of publisher, distributor, etc. International Law Book Services,
Date of publication, distribution, etc. 1996
300 ## - PHYSICAL DESCRIPTION
Extent xviii, 483p. ;
Dimensions 24cm
440 ## - SERIES STATEMENT/ADDED ENTRY--TITLE
Title Laws of Malaysia
9 (RLIN) 1830
650 ## - SUBJECT ADDED ENTRY--TOPICAL TERM
Topical term or geographic name entry element Corporation law
Geographic subdivision Malaysia
9 (RLIN) 3947
710 2# - ADDED ENTRY--CORPORATE NAME
Corporate name or jurisdiction name as entry element Legal Research Board
9 (RLIN) 3922
942 ## - ADDED ENTRY ELEMENTS (KOHA)
Source of classification or shelving scheme
Koha item type Book
Holdings
Withdrawn status Lost status Source of classification or shelving scheme Damaged status Not for loan Collection code Home library Current library Shelving location Date acquired Inventory number Full call number Barcode Date last seen Price effective from Koha item type Public note
          NON-FICTION AKMAL Melaka AKMAL Melaka PINJAMAN 01.06.2017 002804 346.595066 COM 201707195 01.06.2017 01.06.2017 Book Dilupuskan.
Pusat Sumber Maklumat Dato' Haji Sarmin Md Hussin, Akademi Kastam Diraja Malaysia, Melaka
Tel: 06-2331106 | Faks: 06-2313787